000
00331nam a2200133Ia 4500
008
240624s9999 xx 000 0 und d
041
_a
eng
082
_a
823 AMI
100
_a
AMIS MARTIN
245
_a
LIONEL ASBO STATE OF ENGLAND
260
_c
2012
_a
New Delhi
_b
Jonathan Cape
300
_a
275 : p. : cm. ; 23
365
_c
RS
_b
25
999
_c
19942
_d
19942